[Event "Bouche-trou"]
[Site "Montreal CAN"]
[Date "1988.10.02"]
[Round "5"]
[White "Morin, Louis"]
[Black "Desforges, Jean"]
[Result "1/2-1/2"]
[WhiteElo "1940"]
[BlackElo "2010"]
[PlyCount "102"]
[GameId "2160767912520302"]
[EventDate "1988.09.21"]
[EventType "tourn"]
[EventRounds "8"]
[EventCountry "CAN"]
[SourceTitle "hb 2013"]

1. e4 d5 2. exd5 Nf6 3. c4 c6 4. dxc6 Nxc6 5. d3 e5 6. Nc3 Bf5 7. Nf3 Bb4 8. Be2 e4 9. dxe4 Qxd1+ 10. Kxd1 O-O-O+ 11. Kc2 Nxe4 12. Nxe4 Bxe4+ 13. Kb3 Bc5 14. Be3 Bxf3 15. Bxf3 Bxe3 16. fxe3 Rd3+ 17. Ka4 Rxe3 18. Rhe1 Rhe8 19. Rxe3 Rxe3 20. Rd1 Ne5 21. Bd5 f6 22. Rd2 Kc7 23. b4 b6 24. Rc2 Nd7 25. Rb2 a6 26. Rb3 Rxb3 27. Kxb3 a5 28. a3 axb4 29. axb4 Kd6 30. Be4 g6 31. Kc3 f5 32. Bb7 Ke5 33. Bc6 Nf8 34. c5 bxc5 35. bxc5 Ne6 36. Kc4 g5 37. Ba4 Nc7 38. Bc2 h5 39. c6 f4 40. Kc5 g4 41. Bd1 Ne6+ 42. Kb6 Kd6 43. Bb3 Nc7 44. Bf7 h4 45. Bc4 Na8+ 46. Kb7 Nc7 47. Be2 g3 48. hxg3 fxg3 49. Bf3 Ne8 50. Kb6 Nc7 51. Kb7 Ne8 1/2-1/2

[Event "Bouche-trou"]
[Site "Montreal CAN"]
[Date "1988.10.02"]
[Round "7"]
[White "Desforges, Jean"]
[Black "Morin, Louis"]
[Result "1-0"]
[WhiteElo "2010"]
[BlackElo "1940"]
[PlyCount "65"]
[GameId "2160767912520304"]
[EventDate "1988.09.21"]
[EventType "tourn"]
[EventRounds "8"]
[EventCountry "CAN"]
[SourceTitle "hb 2013"]

1. d4 d5 2. c4 e6 3. Nf3 c5 4. cxd5 exd5 5. g3 Nc6 6. Bg2 Nf6 7. O-O Be7 8. Nc3 O-O 9. dxc5 Bxc5 10. Na4 Be7 11. Be3 Re8 12. Rc1 Bg4 13. Bc5 Bxc5 14. Nxc5 Qe7 15. Re1 Rad8 16. Nd4 Nxd4 17. Qxd4 b6 18. Nd3 Bf5 19. Nf4 Be4 20. e3 Bxg2 21. Nxg2 Qd7 22. Red1 Re4 23. Qd3 Qh3 24. f3 Rde8 25. Nf4 Rxf4 26. exf4 Qd7 27. Re1 Rxe1+ 28. Rxe1 Ne8 29. Qxd5 Qc8 30. Re7 Qc1+ 31. Kg2 Qc2+ 32. Kh3 Qc8+ 33. g4 1-0

[Event "British Columbia-ch 8889"]
[Site "Vancouver CAN"]
[Date "1989.01.02"]
[Round "9"]
[White "Fullbrook, Nigel"]
[Black "Basanta, Gary"]
[Result "1/2-1/2"]
[WhiteElo "2265"]
[BlackElo "2260"]
[PlyCount "69"]
[GameId "2160767912520166"]
[EventDate "1988.12.??"]
[EventType "tourn"]
[EventRounds "9"]
[EventCountry "CAN"]
[SourceTitle "EXT 2004"]
[Source "ChessBase"]
[SourceDate "2003.11.25"]
[SourceVersion "1"]
[SourceVersionDate "2003.11.25"]
[SourceQuality "1"]

1. e4 c5 2. Nf3 d6 3. d4 cxd4 4. Nxd4 Nf6 5. Nc3 a6 6. f4 Qc7 7. Bd3 Nc6 8. Nf3 g6 9. O-O Bg7 10. Qe1 O-O 11. Kh1 b5 12. Qh4 b4 13. Nd5 Qa5 14. f5 Bxf5 15. Ng5 h6 16. exf5 Qxd5 17. Nxf7 Qxf7 18. fxg6 Qe6 19. Bxh6 Qg4 20. Bc4+ Kh8 21. Bxg7+ Kxg7 22. Qxg4 Nxg4 23. Rxf8 Kxf8 24. Bd5 Nge5 25. h4 Kg7 26. h5 Rh8 27. g4 Nd4 28. Rf1 Nxc2 29. Rf4 Ne3 30. Be6 a5 31. Kh2 N3xg4+ 32. Bxg4 Nxg4+ 33. Rxg4 Rxh5+ 34. Kg3 Rh6 35. Kf2 1/2-1/2

[Event "CAN-ch U16"]
[Site "Ottawa CAN"]
[Date "1988.03.??"]
[Round "?"]
[White "Hlady, Jason"]
[Black "Becker, Lev"]
[Result "0-1"]
[WhiteElo "1443"]
[BlackElo "1705"]
[PlyCount "69"]
[GameId "2160767912586451"]
[EventDate "1988.03.15"]
[EventType "tourn"]
[EventRounds "9"]
[EventCountry "CAN"]
[SourceTitle "CFC 1988.06"]

1. e4 c5 2. Nf3 d6 3. d4 cxd4 4. Nxd4 Nf6 5. Nc3 a6 6. Bc4 e6 7. Bb3 Be7 8. O-O O-O 9. f4 Nbd7 10. Kh1 Nc5 11. Qf3 b5 12. Bd2 Bb7 13. Rae1 b4 14. Na4 Nfxe4 15. Nxc5 Nxc5 16. Qg4 a5 17. Re3 Ba6 18. Rfe1 a4 19. Bxe6 Nxe6 20. Nxe6 fxe6 21. Qxe6+ Rf7 22. Bxb4 Qc7 23. c3 Bc4 24. Qe4 d5 25. Qb1 Bxb4 26. cxb4 Qxf4 27. Rf3 Qc7 28. Rh3 g6 29. Rc3 Qb6 30. a3 Raf8 31. Rcc1 Rf2 32. h3 Qd6 33. Rg1 Qg3 34. Rc3 Qf4 35. Rc2 0-1

[Event "CAN-ch U16"]
[Site "Ottawa CAN"]
[Date "1988.03.??"]
[Round "?"]
[White "Littke, Adam"]
[Black "Kerr, Chris"]
[Result "0-1"]
[WhiteElo "1852"]
[BlackElo "1677"]
[PlyCount "52"]
[GameId "2160767912586453"]
[EventDate "1988.03.15"]
[EventType "tourn"]
[EventRounds "9"]
[EventCountry "CAN"]
[SourceTitle "CFC 1988.06"]

1. e4 c5 2. Nf3 d6 3. d4 cxd4 4. Nxd4 Nf6 5. Nc3 g6 6. Be3 Bg7 7. f3 Bd7 8. Qd2 Nc6 9. g4 h5 10. g5 Nh7 11. h4 Nf8 12. Bc4 Ne5 13. Be2 Rc8 14. O-O Ne6 15. Nxe6 Bxe6 16. Bd4 O-O 17. f4 Nc4 18. Bxc4 Rxc4 19. Bxg7 Kxg7 20. f5 gxf5 21. exf5 Qb6+ 22. Kg2 Qxb2 23. f6+ Kg8 24. fxe7 Re8 25. g6 Qxc3 26. gxf7+ Bxf7 0-1

[Event "CAN-ch U20 1988-89"]
[Site "Winnipeg CAN"]
[Date "1988.??.??"]
[Round "?"]
[White "Huber, Gregory"]
[Black "Huda, Rehan"]
[Result "0-1"]
[WhiteElo "2123"]
[BlackElo "2340"]
[PlyCount "128"]
[GameId "2160767912520075"]
[EventDate "1988.12.26"]
[EventType "tourn"]
[EventRounds "9"]
[EventCountry "CAN"]
[SourceTitle "Albertabase"]
[SourceDate "2003.08.17"]
[SourceVersion "1"]
[SourceVersionDate "2003.08.17"]
[SourceQuality "1"]

1. e4 c5 2. Nc3 e6 3. Nge2 Nc6 4. g3 Nf6 5. Bg2 d6 6. O-O Be7 7. d3 O-O 8. h3 Rb8 9. f4 Bd7 10. Be3 b5 11. Qd2 b4 12. Nd1 d5 13. g4 dxe4 14. dxe4 Ne8 15. Ng3 Qc7 16. Qf2 Na5 17. b3 Bb5 18. Re1 Bh4 19. Kh2 Rc8 20. Nb2 Nb7 21. Nd3 Nf6 22. Bf3 Nd7 23. Red1 a5 24. Ne1 Be7 25. Bh1 Bc6 26. Bg2 Nd6 27. Nd3 c4 28. Nb2 c3 29. Nd3 Qb7 30. e5 Nb5 31. Bxc6 Qxc6 32. Qg2 Qxg2+ 33. Kxg2 Na3 34. Rac1 Nc5 35. Nxc5 Bxc5 36. Kf2 Bxe3+ 37. Kxe3 Rfd8 38. Rxd8+ Rxd8 39. Ne4 Rd5 40. Nd6 Rd2 41. Nc4 Nxc4+ 42. bxc4 Kf8 43. h4 Ke7 44. a3 Kd7 45. axb4 axb4 46. Rb1 Rxc2 47. Rxb4 Rh2 48. Rb1 Kc6 49. Rc1 Rxh4 50. Rxc3 Kc5 51. Rc1 Rxg4 52. Kf3 Rg6 53. Rd1 h5 54. Rc1 Rh6 55. Kg3 Rg6+ 56. Kf3 h4 57. Rh1 Rh6 58. Kg4 h3 59. Rxh3 Rxh3 60. Kxh3 Kxc4 61. Kg4 Kd4 62. Kh5 f6 63. exf6 gxf6 64. Kg6 f5 0-1

[Event "CAN-ch U20 1988-89"]
[Site "Winnipeg CAN"]
[Date "1988.??.??"]
[Round "?"]
[White "Spears, Nicholas"]
[Black "Huber, Gregory"]
[Result "0-1"]
[WhiteElo "2139"]
[BlackElo "2123"]
[PlyCount "49"]
[GameId "2160767912520076"]
[EventDate "1988.12.26"]
[EventType "tourn"]
[EventRounds "9"]
[EventCountry "CAN"]
[SourceTitle "Albertabase"]
[SourceDate "2003.08.17"]
[SourceVersion "1"]
[SourceVersionDate "2003.08.17"]
[SourceQuality "1"]

1. Nf3 Nf6 2. c4 c5 3. g3 d5 4. cxd5 Nxd5 5. Bg2 Nc6 6. Nc3 Nc7 7. O-O e5 8. d3 Be7 9. Be3 O-O 10. Rc1 Bd7 11. Nd2 Ne6 12. Nd5 Rc8 13. Ne4 b6 14. Nxe7+ Qxe7 15. Nc3 Ncd4 16. Nd5 Qd6 17. f4 exf4 18. Bxf4 Nxf4 19. Nxf4 Rce8 20. Rf2 Bc6 21. Qd2 Bxg2 22. Nxg2 Qd5 23. b4 Rxe2 24. Nf4 Nf3+ 25. Kg2 0-1

[Event "CAN-ch U20 1988-89"]
[Site "Winnipeg CAN"]
[Date "1988.12.??"]
[Round "?"]
[White "Littke, Adam"]
[Black "Southam, Todd"]
[Result "0-1"]
[WhiteElo "1966"]
[BlackElo "2302"]
[PlyCount "92"]
[GameId "2160767912520077"]
[EventDate "1988.12.26"]
[EventType "tourn"]
[EventRounds "9"]
[EventCountry "CAN"]
[SourceTitle "CFC 1989.06"]

1. d4 d5 2. c4 e6 3. Nc3 Be7 4. cxd5 exd5 5. Bf4 Nf6 6. e3 O-O 7. Bd3 b6 8. Qc2 c5 9. Nf3 Bb7 10. O-O a6 11. Ne5 Nbd7 12. h3 Re8 13. Bh2 Nf8 14. Be2 Ne6 15. Rad1 Rc8 16. Qb3 Bd6 17. Na4 b5 18. dxc5 Bxe5 19. Bxe5 Ne4 20. Bd4 Ba8 21. Nc3 Nxd4 22. Rxd4 Nxc5 23. Qd1 Ne6 24. Rd2 d4 25. f4 Qb6 26. exd4 Nxd4 27. Kh2 Rcd8 28. Re1 b4 29. Na4 Qc6 30. Rg1 Qd6 31. Qf1 Nf3+ 32. Bxf3 Qxd2 33. Bxa8 Rxa8 34. Nb6 Rad8 35. Nc4 Qd3 36. Qxd3 Rxd3 37. Ne5 Rd2 38. Rb1 Rc8 39. Nf3 Rf2 40. Nd4 Rxf4 41. Nf3 Rc2 42. Rd1 g6 43. Kg3 Rf6 44. Rb1 Rd6 45. a3 b3 46. Ne1 Rcd2 0-1

[Event "CAN-ch U20 1988-89"]
[Site "Winnipeg CAN"]
[Date "1988.12.27"]
[Round "2"]
[White "Spears, Nicholas"]
[Black "Southam, Todd"]
[Result "0-1"]
[WhiteElo "2129"]
[BlackElo "2302"]
[PlyCount "88"]
[GameId "2160767912520078"]
[EventDate "1988.12.26"]
[EventType "tourn"]
[EventRounds "9"]
[EventCountry "CAN"]
[SourceTitle "CP9/1"]

1. Nf3 d5 2. c4 e6 3. g3 Nf6 4. Bg2 c5 5. cxd5 exd5 6. d4 Nc6 7. O-O Be7 8. dxc5 Bxc5 9. Nbd2 O-O 10. Nb3 Bb6 11. Nfd4 Re8 12. Be3 Bg4 13. Re1 Rxe3 14. fxe3 Qe7 15. Qd2 Re8 16. Rad1 Ne5 17. Na5 Bd7 18. h3 Bxh3 19. Bxh3 Ne4 20. Nf5 Nxd2 21. Nxe7+ Rxe7 22. Nb3 Nxb3 23. axb3 Bxe3+ 24. Kg2 d4 25. Bf5 Nc6 26. Bb1 g6 27. Rh1 h5 28. Rh4 f5 29. Rhh1 Kg7 30. Rhf1 Kf6 31. Bd3 Nb4 32. Ra1 a6 33. Rfd1 Bh6 34. Kf2 Re3 35. Bc4 Ke5 36. Bf7 Kf6 37. Bc4 Ke5 38. Bf7 g5 39. Rh1 h4 40. gxh4 g4 41. Rhg1 d3 42. Rae1 Nc2 43. exd3 Nxe1 44. Rxe1 g3+ 0-1

[Event "CAN-ch U20 1988-89"]
[Site "Winnipeg CAN"]
[Date "1988.12.28"]
[Round "3"]
[White "Littke, Adam"]
[Black "Gibbons, Michael"]
[Result "1/2-1/2"]
[WhiteElo "1966"]
[BlackElo "1869"]
[PlyCount "89"]
[GameId "2160767912520080"]
[EventDate "1988.12.26"]
[EventType "tourn"]
[EventRounds "9"]
[EventCountry "CAN"]
[SourceTitle "hb 2019"]

1. d4 Nf6 2. c4 e6 3. Nf3 b6 4. a3 a5 5. Nc3 Be7 6. e4 Bb7 7. Qc2 O-O 8. Bd3 Ne8 9. O-O d6 10. Re1 Nd7 11. e5 g6 12. Qe2 Ng7 13. Be4 Bxe4 14. Nxe4 Qb8 15. g4 Rd8 16. Bf4 h5 17. h3 Qb7 18. exd6 cxd6 19. Bxd6 Bxd6 20. Nxd6 Qc7 21. Nb5 Qf4 22. Qe4 Qh6 23. g5 Qh8 24. Nd6 Nf5 25. Nxf5 gxf5 26. Qf4 Rac8 27. b3 a4 28. Qe3 Qg7 29. Kh1 f4 30. Qxf4 axb3 31. Nd2 Nf8 32. Nxb3 Rxc4 33. Rec1 Ng6 34. Qe3 Ra4 35. Rc6 Nh4 36. Rxb6 Nf5 37. Qe5 Nxd4 38. Qxg7+ Kxg7 39. Nc5 Rc4 40. Nb7 Ra8 41. Nd6 Rca4 42. Rb7 Rxa3 43. Rxf7+ Kg8 44. Rxa3 Rxa3 45. Kg2 1/2-1/2

[Event "CAN-ch U20 1988-89"]
[Site "Winnipeg CAN"]
[Date "1988.12.28"]
[Round "3"]
[White "Odachowski, Arthur"]
[Black "Spears, Nicholas"]
[Result "1/2-1/2"]
[WhiteElo "2022"]
[BlackElo "2129"]
[PlyCount "141"]
[GameId "2160767912520081"]
[EventDate "1988.12.26"]
[EventType "tourn"]
[EventRounds "9"]
[EventCountry "CAN"]
[SourceTitle "hb 2019"]

1. c4 Nf6 2. Nf3 c5 3. Nc3 d5 4. cxd5 Nxd5 5. g3 Nc6 6. Bg2 Nc7 7. d3 e5 8. O-O Be7 9. Be3 f6 10. Rc1 Ne6 11. Nd2 O-O 12. Nb3 Bd7 13. Bd2 Rc8 14. a3 Be8 15. Ne4 b6 16. Bc3 Bf7 17. Qc2 Ncd4 18. Bxd4 Nxd4 19. Nxd4 Qxd4 20. Nd2 Qd7 21. Nf3 Rfd8 22. Rfd1 Qb5 23. Nd2 Be6 24. h4 Rc7 25. Nc4 Qa6 26. a4 Qc8 27. Bf3 Rcd7 28. b3 Qc7 29. Bg2 a6 30. Ra1 Qb8 31. Kh2 Ra7 32. Bh3 Bf7 33. Qb2 b5 34. axb5 axb5 35. Rxa7 Qxa7 36. Ra1 Qc7 37. Ne3 g6 38. Ng4 Kg7 39. Qd2 h5 40. Ne3 Bxb3 41. Qb2 Ba4 42. Qa2 Qd6 43. Bg2 f5 44. Nd5 Bxh4 45. Nc3 Bf6 46. Nxa4 bxa4 47. Qxa4 e4 48. Rb1 exd3 49. Rb7+ Kh6 50. Qa7 f4 51. exd3 fxg3+ 52. fxg3 Kg5 53. Qa4 Be5 54. Qh4+ Kh6 55. Be4 Rh8 56. Qe7 Bxg3+ 57. Kg2 Be5 58. Rd7 Qxe7 59. Rxe7 Bd4 60. Re6 Rg8 61. Kg3 Kg5 62. Kh3 h4 63. Rc6 Bf2 64. Re6 Bg3 65. Rc6 Kf4 66. Rxg6 Re8 67. Rc6 Re5 68. Kg2 Ke3 69. Kh3 Kf2 70. Rf6+ Ke2 71. Rf5 1/2-1/2

[Event "CAN-ch U20 1988-89"]
[Site "Winnipeg CAN"]
[Date "1988.12.28"]
[Round "3"]
[White "Perron, Sean"]
[Black "Huber, Gregory"]
[Result "1/2-1/2"]
[WhiteElo "1719"]
[BlackElo "2123"]
[PlyCount "72"]
[GameId "2160767912520082"]
[EventDate "1988.12.26"]
[EventType "tourn"]
[EventRounds "9"]
[EventCountry "CAN"]
[SourceTitle "hb 2019"]

1. e4 c5 2. Nf3 d6 3. d4 cxd4 4. Nxd4 Nf6 5. Nc3 a6 6. a4 e5 7. Nf3 Qc7 8. Bg5 Nbd7 9. Nd2 Be7 10. Bc4 h6 11. Bh4 O-O 12. O-O Rd8 13. Qe2 b6 14. Bd5 Bb7 15. Bxf6 Nxf6 16. Qc4 Qxc4 17. Bxc4 d5 18. exd5 Nxd5 19. Nxd5 Bxd5 20. Rfd1 Bc6 21. Bb3 b5 22. axb5 axb5 23. Rxa8 Bxa8 24. c3 Kf8 25. Nf3 Bxf3 26. Rxd8+ Bxd8 27. gxf3 Ke7 28. Bc2 Kd6 29. Kf1 Ba5 30. Ke2 f6 31. b4 Bc7 32. Bd3 Kc6 33. Ke3 Bb6+ 34. Ke2 Ba7 35. Be4+ Kb6 36. h3 Ka6 1/2-1/2

[Event "CAN-ch U20 1988-89"]
[Site "Winnipeg CAN"]
[Date "1988.12.28"]
[Round "3"]
[White "Southam, Todd"]
[Black "Purdy, Brian"]
[Result "1-0"]
[WhiteElo "2302"]
[BlackElo "2002"]
[PlyCount "87"]
[GameId "2160767912520083"]
[EventDate "1988.12.26"]
[EventType "tourn"]
[EventRounds "9"]
[EventCountry "CAN"]
[SourceTitle "hb 2019"]

1. d4 Nf6 2. c4 g6 3. Nf3 Bg7 4. Nc3 d5 5. cxd5 Nxd5 6. e4 Nxc3 7. bxc3 c5 8. Rb1 O-O 9. Be2 cxd4 10. cxd4 Qa5+ 11. Qd2 Qxd2+ 12. Bxd2 e6 13. O-O b6 14. Rfc1 Ba6 15. Bxa6 Nxa6 16. Rc4 Rfc8 17. Rbc1 Rxc4 18. Rxc4 Bf6 19. a4 Rd8 20. Kf1 Kg7 21. Ke2 Rd7 22. Bf4 Rb7 23. Rc6 Nb4 24. Rc8 Rd7 25. Rc4 a5 26. Rc7 Rd8 27. e5 Be7 28. Rxe7 Nd5 29. Bh6+ Kxh6 30. Rxf7 Nc3+ 31. Kd3 Nxa4 32. g4 g5 33. Rf6+ Kg7 34. Nxg5 Nc5+ 35. Ke3 h6 36. dxc5 hxg5 37. cxb6 Rd5 38. Rxe6 Kf7 39. Rf6+ Ke7 40. Ke4 Rb5 41. Rh6 a4 42. Kf5 a3 43. Rh7+ Kd8 44. Ra7 1-0

[Event "CAN-ch U20 1988-89"]
[Site "Winnipeg CAN"]
[Date "1988.12.29"]
[Round "4"]
[White "Gibbons, Michael"]
[Black "Southam, Todd"]
[Result "1/2-1/2"]
[WhiteElo "1869"]
[BlackElo "2302"]
[PlyCount "40"]
[GameId "2160767912520085"]
[EventDate "1988.12.26"]
[EventType "tourn"]
[EventRounds "9"]
[EventCountry "CAN"]
[SourceTitle "hb 2019"]

1. e4 e5 2. Nf3 Nc6 3. Nc3 Nf6 4. Bb5 Nd4 5. Nxd4 exd4 6. e5 dxc3 7. exf6 Qxf6 8. dxc3 c6 9. Bd3 d5 10. O-O Bd6 11. Qh5 h6 12. Re1+ Be6 13. Bg5 Qxg5 14. Rxe6+ Be7 15. Qxg5 hxg5 16. Re2 Kd7 17. Rae1 Rae8 18. c4 Bd6 19. Rxe8 Rxe8 20. Rxe8 Kxe8 1/2-1/2

[Event "CAN-ch U20 1988-89"]
[Site "Winnipeg CAN"]
[Date "1988.12.29"]
[Round "4"]
[White "Huber, Gregory"]
[Black "Littke, Adam"]
[Result "1-0"]
[WhiteElo "2123"]
[BlackElo "1966"]
[PlyCount "69"]
[GameId "2160767912520086"]
[EventDate "1988.12.26"]
[EventType "tourn"]
[EventRounds "9"]
[EventCountry "CAN"]
[SourceTitle "Albertabase"]
[SourceDate "2003.08.17"]
[SourceVersion "1"]
[SourceVersionDate "2003.08.17"]
[SourceQuality "1"]

1. Nf3 Nf6 2. b4 d5 3. d4 g6 4. e3 Bg7 5. c4 c6 6. Bd3 O-O 7. O-O Bg4 8. Nbd2 Nbd7 9. h3 Bxf3 10. Nxf3 Re8 11. Bb2 Nb6 12. c5 Nbd7 13. b5 Qc7 14. Rb1 e5 15. bxc6 bxc6 16. Ba6 Rab8 17. Bc3 Rxb1 18. Qxb1 exd4 19. exd4 Ne4 20. Bb4 Nb8 21. Bd3 Nd7 22. Qb3 a5 23. Be1 h6 24. Qa4 Ra8 25. Nd2 Nc3 26. Qb3 Bxd4 27. Nf3 Nxc5 28. Qc2 Nxd3 29. Qxd3 Nxa2 30. Qxd4 Rb8 31. Bd2 g5 32. Qf6 Kh7 33. Ra1 Nb4 34. Bc3 Rg8 35. Qf5+ 1-0

[Event "CAN-ch U20 1988-89"]
[Site "Winnipeg CAN"]
[Date "1988.12.29"]
[Round "4"]
[White "Odachowski, Arthur"]
[Black "Huda, Rehan"]
[Result "0-1"]
[WhiteElo "2022"]
[BlackElo "2340"]
[PlyCount "74"]
[GameId "2160767912520087"]
[EventDate "1988.12.26"]
[EventType "tourn"]
[EventRounds "9"]
[EventCountry "CAN"]
[SourceTitle "hb 2019"]

1. c4 Nf6 2. Nc3 c5 3. g3 d5 4. cxd5 Nxd5 5. Bg2 Nc7 6. Nf3 Nc6 7. d3 e5 8. O-O Be7 9. Bd2 O-O 10. Qc1 Ne6 11. Rd1 f5 12. b3 Kh8 13. Ne1 Ned4 14. Qb2 f4 15. Nf3 Bg4 16. Rf1 Qd7 17. Rad1 Rf7 18. Bc1 Raf8 19. Nxd4 exd4 20. Ne4 fxg3 21. fxg3 h6 22. Rxf7 Rxf7 23. Nf2 Be6 24. Rf1 Nb4 25. Ne4 Rxf1+ 26. Kxf1 Nd5 27. Bf3 b6 28. Bd2 a5 29. a4 Nf6 30. Nf2 Bd6 31. e4 Qf7 32. Bd1 Ng4 33. Bxg4 Bxg4 34. Bf4 Bxf4 35. Nxg4 Bxg3+ 36. Kg2 Bh4 37. Ne5 Qh5 0-1

[Event "CAN-ch U20 1988-89"]
[Site "Winnipeg CAN"]
[Date "1988.12.29"]
[Round "4"]
[White "Spears, Nicholas"]
[Black "Purdy, Brian"]
[Result "0-1"]
[WhiteElo "2129"]
[BlackElo "2002"]
[PlyCount "80"]
[GameId "2160767912520088"]
[EventDate "1988.12.26"]
[EventType "tourn"]
[EventRounds "9"]
[EventCountry "CAN"]
[SourceTitle "hb 2019"]

1. d4 Nf6 2. c4 g6 3. Nf3 Bg7 4. g3 c6 5. Bg2 d5 6. cxd5 cxd5 7. Nc3 O-O 8. Ne5 Nbd7 9. f4 Qb6 10. O-O Rd8 11. Kh1 e6 12. Qd3 Nxe5 13. fxe5 Ne4 14. a4 Bd7 15. Nxe4 dxe4 16. Qxe4 Bc6 17. Qf4 Bxg2+ 18. Kxg2 Rd7 19. e3 Rc8 20. Rf2 Rc4 21. e4 Qxd4 22. Rd2 Qxe4+ 23. Qxe4 Rxd2+ 24. Bxd2 Rxe4 25. Bc3 Bxe5 26. Kf3 f5 27. Bxe5 Rxe5 28. Rc1 Re4 29. Rc7 Rb4 30. h4 e5 31. Rc2 Kf7 32. a5 a6 33. Ke3 Kf6 34. Kd3 Rb5 35. Rc7 Rxb2 36. Rxh7 Rb5 37. Kc4 f4 38. gxf4 exf4 39. Kd3 Kf5 40. h5 gxh5 0-1

[Event "CAN-ch U20 1988-89"]
[Site "Winnipeg CAN"]
[Date "1989.01.02"]
[Round "5"]
[White "Huda, Rehan"]
[Black "Spears, Nicholas"]
[Result "1-0"]
[WhiteElo "2340"]
[BlackElo "2129"]
[PlyCount "45"]
[GameId "2160767912520090"]
[EventDate "1988.12.26"]
[EventType "tourn"]
[EventRounds "9"]
[EventCountry "CAN"]
[SourceTitle "hb 2019"]

1. Nf3 d5 2. d4 e6 3. c4 c6 4. Qc2 Bd6 5. g3 f5 6. Bg2 Nf6 7. O-O O-O 8. b3 Qe7 9. a4 b6 10. Ba3 Bxa3 11. Nxa3 Na6 12. cxd5 cxd5 13. Ne5 Nb4 14. Qb2 Ba6 15. Rfc1 g5 16. Nc2 Rac8 17. Qa3 Rxc2 18. Rxc2 Ng4 19. Rac1 Nxe5 20. dxe5 Nc6 21. Qxe7 Nxe7 22. e3 g4 23. Rc7 1-0

[Event "CAN-ch U20 1988-89"]
[Site "Winnipeg CAN"]
[Date "1989.01.02"]
[Round "5"]
[White "Perron, Sean"]
[Black "Odachowski, Arthur"]
[Result "1/2-1/2"]
[WhiteElo "1719"]
[BlackElo "2022"]
[PlyCount "67"]
[GameId "2160767912520091"]
[EventDate "1988.12.26"]
[EventType "tourn"]
[EventRounds "9"]
[EventCountry "CAN"]
[SourceTitle "hb 2019"]

1. e4 c6 2. d4 d5 3. Nc3 dxe4 4. Nxe4 Bf5 5. Ng3 Bg6 6. Nf3 Nd7 7. Bd3 Bxd3 8. Qxd3 e6 9. Bg5 Qa5+ 10. Bd2 Qc7 11. O-O Ngf6 12. c4 Be7 13. Rac1 O-O 14. Qe2 c5 15. Bc3 Rfe8 16. dxc5 Bxc5 17. b4 Be7 18. c5 Nd5 19. Rfd1 a5 20. a3 Nxc3 21. Rxc3 axb4 22. axb4 Nf6 23. Nd4 Red8 24. Rcc1 Ra4 25. Nc2 Nd5 26. Qc4 Bf6 27. Ne2 Rda8 28. Rb1 Be5 29. g3 g6 30. Ned4 h5 31. Ne2 Ra2 32. Ned4 h4 33. Nb5 Qc6 34. Nbd4 1/2-1/2

[Event "CAN-ch U20 1988-89"]
[Site "Winnipeg CAN"]
[Date "1989.01.02"]
[Round "5"]
[White "Purdy, Brian"]
[Black "Gibbons, Michael"]
[Result "1/2-1/2"]
[WhiteElo "2002"]
[BlackElo "1869"]
[PlyCount "56"]
[GameId "2160767912520092"]
[EventDate "1988.12.26"]
[EventType "tourn"]
[EventRounds "9"]
[EventCountry "CAN"]
[SourceTitle "hb 2019"]

1. e4 c6 2. d4 d5 3. Nd2 dxe4 4. Nxe4 Bf5 5. Ng3 Bg6 6. h4 h6 7. Nf3 Nd7 8. h5 Bh7 9. Bd3 Bxd3 10. Qxd3 e6 11. Bf4 Ngf6 12. O-O-O Be7 13. Ne4 Nxe4 14. Qxe4 Nf6 15. Qe2 Qd5 16. Kb1 a5 17. Ne5 a4 18. Rhe1 O-O 19. c4 Qa5 20. g4 a3 21. b3 c5 22. d5 Ra6 23. g5 hxg5 24. Bxg5 Ne4 25. Qxe4 Bxg5 26. Rg1 Qc3 27. Qe2 Bf6 28. f4 exd5 1/2-1/2

[Event "CAN-ch U20 1988-89"]
[Site "Winnipeg CAN"]
[Date "1989.01.02"]
[Round "5"]
[White "Southam, Todd"]
[Black "Huber, Gregory"]
[Result "1-0"]
[WhiteElo "2302"]
[BlackElo "2123"]
[PlyCount "79"]
[GameId "2160767912520093"]
[EventDate "1988.12.26"]
[EventType "tourn"]
[EventRounds "9"]
[EventCountry "CAN"]
[SourceTitle "hb 2019"]

1. d4 Nf6 2. c4 c5 3. d5 e6 4. Nc3 exd5 5. cxd5 d6 6. e4 g6 7. Bd3 Bg7 8. Nge2 O-O 9. O-O a6 10. a4 Nbd7 11. h3 Re8 12. Ng3 Rb8 13. Be3 Qc7 14. f4 c4 15. Bc2 Nc5 16. Qf3 b5 17. axb5 axb5 18. e5 Nfd7 19. Nce4 Nxe4 20. Nxe4 dxe5 21. f5 f6 22. fxg6 hxg6 23. Qg3 g5 24. h4 Rf8 25. Ra7 Rb7 26. Rxb7 Bxb7 27. Qg4 Bxd5 28. Qf5 Rf7 29. Nc3 Bb7 30. hxg5 b4 31. Qh7+ Kf8 32. g6 Re7 33. Bh6 Ke8 34. Bxg7 Nf8 35. Qh8 Rxg7 36. Ba4+ Bc6 37. Bxc6+ Qxc6 38. Qxg7 bxc3 39. Qf7+ Kd8 40. Qxf8+ 1-0

[Event "CAN-ch U20 1988-89"]
[Site "Winnipeg CAN"]
[Date "1989.01.03"]
[Round "6"]
[White "Huber, Gregory"]
[Black "Purdy, Brian"]
[Result "0-1"]
[WhiteElo "2123"]
[BlackElo "2002"]
[PlyCount "80"]
[GameId "2160767912520095"]
[EventDate "1988.12.26"]
[EventType "tourn"]
[EventRounds "9"]
[EventCountry "CAN"]
[SourceTitle "hb 2019"]

1. e4 c5 2. Nc3 Nc6 3. Nge2 g6 4. g3 Bg7 5. Bg2 d6 6. O-O e6 7. d3 Nge7 8. Be3 Nd4 9. Qd2 Qa5 10. Rab1 Nec6 11. a3 O-O 12. Qc1 Qc7 13. Nf4 Rb8 14. Nce2 a5 15. c3 Nb3 16. Qc2 a4 17. Nc1 Nca5 18. Nfe2 Bd7 19. Nxb3 Nxb3 20. Nc1 Nxc1 21. Rbxc1 Rfc8 22. f4 b5 23. f5 exf5 24. exf5 Bxf5 25. Qd2 Qd7 26. Rf2 Re8 27. Rcf1 Qe6 28. Bg5 b4 29. Bc6 bxc3 30. bxc3 Rec8 31. Bxa4 Qe5 32. g4 Bxg4 33. Rxf7 Bf5 34. Re7 Qxc3 35. Qxc3 Bxc3 36. Bf4 Bd4+ 37. Kg2 Bxd3 38. Rd1 Bc4 39. Bxd6 Rb2+ 40. Kg3 Ra8 0-1

[Event "CAN-ch U20 1988-89"]
[Site "Winnipeg CAN"]
[Date "1989.01.03"]
[Round "6"]
[White "Huda, Rehan"]
[Black "Perron, Sean"]
[Result "1-0"]
[WhiteElo "2340"]
[BlackElo "1719"]
[PlyCount "39"]
[GameId "2160767912520096"]
[EventDate "1988.12.26"]
[EventType "tourn"]
[EventRounds "9"]
[EventCountry "CAN"]
[SourceTitle "hb 2019"]

1. Nf3 d5 2. d4 Nf6 3. c4 c6 4. Qc2 e6 5. g3 Nbd7 6. Bg2 Be7 7. O-O O-O 8. Nbd2 Re8 9. b3 b6 10. Bb2 Bb7 11. Rad1 Rc8 12. Rfe1 Qc7 13. e4 dxe4 14. Nxe4 Nxe4 15. Qxe4 c5 16. d5 Nf6 17. Qc2 exd5 18. cxd5 Nd7 19. Rxe7 Rxe7 20. d6 1-0

[Event "CAN-ch U20 1988-89"]
[Site "Winnipeg CAN"]
[Date "1989.01.03"]
[Round "6"]
[White "Odachowski, Arthur"]
[Black "Littke, Adam"]
[Result "1/2-1/2"]
[WhiteElo "2022"]
[BlackElo "1966"]
[PlyCount "32"]
[GameId "2160767912520097"]
[EventDate "1988.12.26"]
[EventType "tourn"]
[EventRounds "9"]
[EventCountry "CAN"]
[SourceTitle "hb 2019"]

1. Nf3 d5 2. b4 Nf6 3. d4 Bf5 4. e3 e6 5. a3 Nbd7 6. Bb2 Bd6 7. Nbd2 O-O 8. c4 c6 9. Qb3 Re8 10. Bd3 Bxd3 11. Qxd3 e5 12. dxe5 Bxe5 13. Nxe5 Nxe5 14. Bxe5 Rxe5 15. Nf3 Re7 16. Rd1 Qd7 1/2-1/2